[Event "GER-chT Federal Cup (Women)"]
[Site "Braunfels"]
[Date "2017.06.16"]
[Round "2.7"]
[White "Heil, Marina"]
[Black "Neumann, Ramona"]
[Result "1-0"]
[WhiteElo "1890"]
[BlackElo "1695"]
[PlyCount "47"]
[EventDate "2017.06.15"]
[EventType "team-swiss"]
[EventRounds "5"]
[EventCountry "GER"]
[SourceTitle "CBM 179 Extra"]
[Source "ChessBase"]
[SourceDate "2017.08.23"]
[SourceVersion "1"]
[SourceVersionDate "2017.08.23"]
[SourceQuality "1"]
[WhiteTeam "Wuerttemberg (W)"]
[BlackTeam "Hamburg (W)"]
[WhiteTeamCountry "GER"]
[BlackTeamCountry "GER"]

1. e4 e6 2. d4 d5 3. Nc3 Bb4 4. exd5 exd5 5. Bd3 Ne7 6. Qf3 0-0 7. Nge2 c5 8. dxc5 d4 9. a3 Bxc3+ 10. bxc3 dxc3 11. 0-0 Nbc6 12. Bf4 Nd4 13. Qe4 Nxe2+ 14. Bxe2 Nc6 15. Bd3 Qh4 16. Rab1 Kh8 17. Rfe1 f5 18. Qc4 Qf6 19. Re3 Bd7 20. Qd5 Bc8 21. Rbe1 h6 22. Bd6 Rg8 23. Re8 Bd7 24. Qxg8# 1-0

[Event "GER-chT Federal Cup (Women)"]
[Site "Braunfels"]
[Date "2017.06.16"]
[Round "3.7"]
[White "Neumann, Ramona"]
[Black "Yueksel, Anja"]
[Result "1-0"]
[WhiteElo "1695"]
[BlackElo "1486"]
[PlyCount "89"]
[EventDate "2017.06.15"]
[EventType "team-swiss"]
[EventRounds "5"]
[EventCountry "GER"]
[SourceTitle "CBM 179 Extra"]
[Source "ChessBase"]
[SourceDate "2017.08.23"]
[SourceVersion "1"]
[SourceVersionDate "2017.08.23"]
[SourceQuality "1"]
[WhiteTeam "Hamburg (W)"]
[BlackTeam "Schleswig Holstein (W)"]
[WhiteTeamCountry "GER"]
[BlackTeamCountry "GER"]

1. e4 e5 2. Nf3 Nf6 3. Nxe5 d6 4. Nf3 Nxe4 5. d3 Nf6 6. Be2 Be7 7. 0-0 0-0 8. b3 Nc6 9. Nbd2 Be6 10. d4 d5 11. Bb2 Re8 12. Ne5 Bd6 13. f4 Bf5 14. a3 Ne7 15. c4 c5 16. dxc5 Bxc5+ 17. Kh1 Be4 18. Nxe4 Nxe4 19. Bd4 Qd6 20. b4 Bxd4 21. Qxd4 f5 22. cxd5 Nxd5 23. Bc4 Red8 24. Rad1 Nef6 25. Rf3 Kf8 26. Rfd3 Qe6 27. Qc5+ Qe7 28. Bxd5 Qxc5 29. bxc5 Rdc8 30. Bxb7 Ne4 31. Bxc8 Nf2+ 32. Kg1 Nxd1 33. Rd8+ Ke7 34. Rd7+ Ke8 35. Rxd1 Rxc8 36. c6 Rc7 37. Rd7 Rxd7 38. cxd7+ Kd8 39. Kf2 a5 40. Ke3 h6 41. Kd4 g5 42. fxg5 hxg5 43. Kd5 f4 44. Kd6 g4 45. Nf7# 1-0

[Event "GER-chT Federal Cup (Women)"]
[Site "Braunfels"]
[Date "2015.06.05"]
[Round "2.5"]
[White "Neumann, Ramona"]
[Black "Braje, Monika"]
[Result "0-1"]
[WhiteElo "1572"]
[BlackElo "1729"]
[PlyCount "140"]
[EventDate "2015.06.04"]
[EventType "team-swiss"]
[EventRounds "5"]
[EventCountry "GER"]
[SourceTitle "CBM 167 Extra"]
[Source "ChessBase"]
[SourceDate "2015.09.14"]
[SourceVersion "1"]
[SourceVersionDate "2015.09.14"]
[SourceQuality "1"]
[WhiteTeam "Hamburg (W)"]
[BlackTeam "Rheinland Pfalz (W)"]
[WhiteTeamCountry "GER"]
[BlackTeamCountry "GER"]

1. e4 d5 2. exd5 Nf6 3. Nc3 Nxd5 4. Bc4 e6 5. Qf3 Nb6 6. Bb3 Nc6 7. Nge2 Be7 8. a3 0-0 9. 0-0 a6 10. d3 Ne5 11. Qh5 Ng6 12. Ne4 Nd5 13. f4 Nf6 14. Nxf6+ Bxf6 15. Kh1 Ne7 16. Ng3 g6 17. Qf3 Rb8 18. Ne4 Bg7 19. c3 b6 20. Qe2 Bb7 21. Be3 Bd5 22. Bc2 c5 23. Rad1 Qc7 24. d4 cxd4 25. Bxd4 Bc4 26. Bd3 Bb3 27. Bc2 Bxc2 28. Qxc2 Bxd4 29. Rxd4 Nf5 30. Rd3 Qc4 31. Re1 Rbd8 32. Rxd8 Rxd8 33. Qf2 Qc6 34. Kg1 Kg7 35. Ng5 Rd3 36. Nf3 Qd6 37. Ne5 Rd2 38. Re2 Rd1+ 39. Re1 b5 40. Kf1 Rd2 41. Re2 Rd1+ 42. Re1 Qd2 43. Qxd2 Rxd2 44. Re2 Rd1+ 45. Kf2 Nd6 46. Nc6 Nc4 47. Nb4 Rd6 48. g3 a5 49. Nc2 Nxb2 50. Nd4 Nd1+ 51. Kf3 Nxc3 52. Rd2 Rd5 53. Ke3 b4 54. axb4 axb4 55. Kd3 Nb5 56. Kc4 Rxd4+ 57. Rxd4 Nxd4 58. Kxd4 b3 59. Kc3 h5 60. Kxb3 Kf6 61. Kc3 Kf5 62. Kd3 h4 63. Ke3 hxg3 64. hxg3 Kg4 65. Kf2 g5 66. fxg5 Kxg5 67. Kf3 f5 68. Ke3 Kg4 69. Kf2 e5 70. Kg2 e4 0-1

[Event "GER-chT Federal Cup (Women)"]
[Site "Braunfels"]
[Date "2012.06.08"]
[Round "2.7"]
[White "Jusciak, Ute"]
[Black "Neumann, Ramona"]
[Result "0-1"]
[WhiteElo "1435"]
[BlackElo "1739"]
[PlyCount "74"]
[EventDate "2012.06.07"]
[EventType "team-swiss"]
[EventRounds "5"]
[EventCountry "GER"]
[SourceTitle "CBM 149 Extra"]
[Source "ChessBase"]
[SourceDate "2012.08.24"]
[SourceVersion "1"]
[SourceVersionDate "2012.08.24"]
[SourceQuality "1"]
[WhiteTeam "Wuerttemberg (W)"]
[BlackTeam "Hamburg (W)"]
[WhiteTeamCountry "GER"]
[BlackTeamCountry "GER"]

1. e4 e6 2. d4 d5 3. e5 c5 4. c3 Nc6 5. Nf3 Bd7 6. Be2 cxd4 7. cxd4 Nge7 8. Nbd2 Ng6 9. 0-0 Be7 10. Nb3 b6 11. Bd2 0-0 12. Rc1 a5 13. a4 Nb4 14. Ra1 Rc8 15. Nc1 Nc2 16. Ra2 Nb4 17. Ra1 Rc7 18. b3 Qa8 19. Nd3 Nxd3 20. Bxd3 Rfc8 21. Qe2 Be8 22. g3 Nf8 23. h4 f5 24. exf6 Bxf6 25. Ng5 Re7 26. Nf3 Bh5 27. Kg2 Bxd4 28. Rae1 e5 29. Kg1 e4 30. Ba6 Bxf3 31. Qb5 Rd8 32. Bg5 Bf6 33. Qxb6 Bxg5 34. hxg5 Re6 35. Qxa5 Rxa6 36. Qc7 Qc8 37. Qe5 Qh3 0-1

[Event "Leipzig VfB op 18th"]
[Site "Leipzig"]
[Date "2011.03.26"]
[Round "7"]
[White "Neumann, Ramona"]
[Black "Andreadakis, Lutz"]
[Result "0-1"]
[WhiteElo "1742"]
[BlackElo "1969"]
[PlyCount "82"]
[EventDate "2011.03.20"]
[EventType "swiss"]
[EventRounds "9"]
[EventCountry "GER"]
[SourceTitle "CBM 141 Extra"]
[Source "ChessBase"]
[SourceDate "2011.05.03"]
[SourceVersion "1"]
[SourceVersionDate "2011.05.03"]
[SourceQuality "1"]

1. e4 e6 2. d4 c5 3. Nf3 cxd4 4. Nxd4 Bc5 5. Nb3 Bb6 6. Nc3 Ne7 7. Be2 0-0 8. 0-0 Nbc6 9. Kh1 f5 10. a3 fxe4 11. Nxe4 d5 12. Ng3 Bxf2 13. Nh5 Ng6 14. Bf3 Bb6 15. Qe1 e5 16. Bd2 Bf5 17. Rc1 e4 18. Be2 Nge5 19. Qg3 Qd7 20. Bc3 Bc7 21. Qg5 h6 22. Qd2 Qd6 23. Ng3 Be6 24. Rcd1 Ng4 25. Bxg4 Rxf1+ 26. Rxf1 Bxg4 27. Nd4 a6 28. Nxc6 bxc6 29. Qd4 Qg6 30. Nf5 Bxf5 31. Rxf5 Bb6 32. Qe5 Re8 33. Qf4 Bc5 34. Qf1 e3 35. Rf3 d4 36. Qc4+ Kh7 37. Qxc5 dxc3 38. Qxc3 e2 39. Qe1 Qxc2 40. Rf2 Qd1 41. Rxe2 Qxe1+ 0-1

[Event "Leipzig VfB op 18th"]
[Site "Leipzig"]
[Date "2011.03.24"]
[Round "5"]
[White "Neumann, Ramona"]
[Black "Waschischeck, Tom"]
[Result "1/2-1/2"]
[WhiteElo "1742"]
[BlackElo "1446"]
[PlyCount "30"]
[EventDate "2011.03.20"]
[EventType "swiss"]
[EventRounds "9"]
[EventCountry "GER"]
[SourceTitle "CBM 141 Extra"]
[Source "ChessBase"]
[SourceDate "2011.05.03"]
[SourceVersion "1"]
[SourceVersionDate "2011.05.03"]
[SourceQuality "1"]

1. e4 e6 2. d4 d5 3. Nc3 Nf6 4. e5 Nfd7 5. Nf3 c5 6. Ne2 Nc6 7. c3 Qb6 8. Rb1 cxd4 9. cxd4 Bb4+ 10. Bd2 Qa5 11. Nc3 a6 12. Rc1 Qb6 13. Be3 Qa5 14. Bd2 Qb6 15. Be3 Qa5 1/2-1/2

[Event "Leipzig VfB op 18th"]
[Site "Leipzig"]
[Date "2011.03.23"]
[Round "3"]
[White "Neumann, Ramona"]
[Black "Eichhorn, Mike"]
[Result "0-1"]
[WhiteElo "1742"]
[BlackElo "1179"]
[PlyCount "74"]
[EventDate "2011.03.20"]
[EventType "swiss"]
[EventRounds "9"]
[EventCountry "GER"]
[SourceTitle "CBM 141 Extra"]
[Source "ChessBase"]
[SourceDate "2011.05.03"]
[SourceVersion "1"]
[SourceVersionDate "2011.05.03"]
[SourceQuality "1"]

1. e4 e5 2. Nf3 Nc6 3. Bc4 d6 4. c3 Na5 5. Bb5+ Bd7 6. Bxd7+ Qxd7 7. 0-0 Nf6 8. Re1 Nc6 9. d4 Rd8 10. Nbd2 Ne7 11. Qb3 exd4 12. cxd4 c6 13. Ng5 Ng6 14. e5 dxe5 15. dxe5 Nd5 16. e6 fxe6 17. Nxe6 Be7 18. Nxg7+ Kf7 19. Ne6 Rhe8 20. Nxd8+ Bxd8 21. Rxe8 Qxe8 22. Qd1 Bb6 23. Nc4 Bc5 24. Bh6 Qe4 25. Nd2 Qh4 26. Qf3+ Kg8 27. Ne4 Bxf2+ 28. Nxf2 Qxh6 29. Ne4 Qg7 30. Qf2 Ngf4 31. Ng3 h5 32. Kf1 h4 33. Nf5 Qg5 34. Nd4 Nxg2 35. Nf3 Nde3+ 36. Ke2 Qb5+ 37. Kd2 Qxb2+ 0-1